000 01516nam a2200289 a 4500
001 1362
003 BR-CuiBMT
005 20231205230003.0
008 231128s2008 dfba 000 0 por d
020 _a9788587499042 (v. 1)
020 _a9788587499059 (v. 2)
040 _aBR-CuiBMT
_cBR-CuiBMT
080 _a342.4
_x(81)"1988"
_22007
090 _a342.4(81)"1988"
_bS474c
110 1 _aSenado Federal.
_bInstituto Legislativo Brasileiro.
245 1 0 _aConstituição de 1988 :
_bo Brasil 20 anos depois /
_corganizadores: Bruno Dantas ... [et al.] ; [autores Adilson José Moreira ... et al.].
260 _aBrasília :
_bSenado Federal :
_bInstituto Legislativo Brasileiro,
_c2008.
300 _a v. ;
_c23 cm
504 _aInclui bibliografia.
505 0 _av. 1. Os alicerces da redemocratização : do processo constituinte aos princípios e direitos fundamentais -- v. 2. O exercício da política : direitos e partidos políticos, organização do Estado e dos poderes -- v. 3. A consolidação das instituições : justiça, defesa do Estado e das instituições democráticas -- v. 4. Estado e economia em vinte anos de mudança : sistema tributário e ordem econômica -- v. 5. Os cidadãos na carta cidadã : ordem social.
590 _aA Biblioteca possui somente o volume 1 e 2.
650 _aBrasil
_xConstituição (1988)
650 _aDireito constitucional
_zBrasil
700 1 _aDantas, Bruno
_eet al.
_eorganizadores
700 1 _aMoreira, Adilson José
_eet al.
_eautores
942 _2udc
_cLV
999 _c1362
_d1362